000 00613nam a2200217 a 4500
999 _c6847
_d6847
001 6847
003 BD-JhCC
005 20180217184926.0
008 180131s1967 bg |||| || | 001 0 eng d
035 _a(BD-JhCC)6847
040 _aBD-JhCC
_dBD-JhCC
041 _aeng
082 _a354.54
_bHAS 1967
100 _aHasan, Ibn
245 _aThe Central Structure of the Mughal Empire :
_band its practical working up to the year 1657 /
_cIbn Hasan,
260 _aDacca :
_bOxford University Press,
_c1967
300 _a397 p. :
_c24 cm.
650 _aMughal Empire
_zIndia
942 _2ddc
_cBK